000 01094cam a2200337 i 4500
001 18255749
003 OSt
005 20230621112812.0
008 140806s2014 gh 001 0 eng
010 _a 2013441837
020 _a9789988078072
040 _aDLC
_beng
_cDLC
_erda
042 _alcode
_apcc
043 _af------
050 0 0 _aHB615
_b.F52 2014
082 _a338.7096
_bFIC
100 1 _aFick, David S.
245 1 0 _aAfrican entrepreneurs in the 21st century :
_btheir stories of success /
_cDavid Fick.
264 1 _aAccra, Ghana :
_bExcellent Publishing & Printing,
_c[2014]
300 _a795 pages ;
_c24 cm
336 _atext
_2rdacontent
337 _aunmediated
_2rdamedia
338 _avolume
_2rdacarrier
500 _aIncludes indexes.
650 0 _aBusinesspeople
_zAfrica
_xHistory
_y21st century.
650 0 _aBusiness enterprises
_zAfrica
_xHistory
_y21st century.
650 0 _aEntrepreneurship
_zAfrica
_xHistory
_y21st century.
906 _a7
_bcbc
_corigode
_d3
_encip
_f20
_gy-gencatlg
942 _2ddc
_cBK
999 _c2107
_d2107